Vì tuổi thơ

Sparad:
Bibliografiska uppgifter
Övriga upphovsmän: Nguyên Ngọc
Materialtyp: Bok
Språk:Vietnamese
Publicerad: H. Tác phẩm mới Hội nhà văn Việt Nam 1982
Ämnen:
Taggar: Lägg till en tagg
Inga taggar, Lägg till första taggen!
Thư viện lưu trữ: Mạng thư viện Đại học Đà Nẵng
LEADER 01319nam a2200325 4500
001 000004073
003 202
005 20121211001246.0
008 110714s1982 viesd
020 |c 20000 
041 0 |a vie 
082 |a 808.06  |b VIT 
245 0 0 |a Vì tuổi thơ  |c Nguyên Ngọc, ... 
260 |a H.  |b Tác phẩm mới  |b Hội nhà văn Việt Nam  |c 1982 
300 |a 226 tr.  |c 24 cm. 
500 |a Những suy nghĩ và kinh nghiệm viết cho các em của một số tác giả trong nước và ngoài nước. Những công trình nghiên cứu và những hình thức hoạt động dành cho các em thuộc một số ngành nghệ thuật, khoa học giáo dục và tâm lý xã hội nước ngoài 
653 |a Văn học thiếu nhi 
653 |a Văn học Việt Nam 
700 1 |a Nguyên Ngọc 
910 |a Thi  |d 14/7/2011 
OWN |a LSP 
AVA |a UDN50  |b LSP  |d 808.06 VIT  |e available  |t Error 5001 Not defined in file expand_doc_bib_avail.  |f 2  |g 1  |h N  |i 0  |k 1 
999 |a From the UDN01 
AVA |a UDN50  |b LSP  |d 808.06 VIT  |e available  |t Error 5001 Not defined in file expand_doc_bib_avail.  |f 2  |g 1  |h N  |i 0  |k 1 
TYP |a Monograph 
TYP |a Printed language 
980 |a Mạng thư viện Đại học Đà Nẵng